[Event "GER-ch Schools U18 Girls"]
[Site "Germany"]
[Date "2010.05.07"]
[Round "2.3"]
[White "Weigold, Celina"]
[Black "Reinecke, Lena"]
[Result "0-1"]
[WhiteElo "800"]
[BlackElo "800"]
[PlyCount "64"]
[EventDate "2010.05.07"]
[EventType "team-swiss"]
[EventRounds "7"]
[EventCountry "GER"]
[SourceTitle "EXT 2011"]
[Source "ChessBase"]
[SourceDate "2010.11.26"]
[SourceVersion "1"]
[SourceVersionDate "2010.11.26"]
[SourceQuality "1"]
[WhiteTeam "Karlsruhe KG (W)"]
[BlackTeam "Dortmund MG (W)"]
[WhiteTeamCountry "GER"]
[BlackTeamCountry "GER"]

1. e4 e5 2. d3 Bc5 3. c4 Nf6 4. Be3 Bxe3 5. fxe3 0-0 6. Nf3 Nc6 7. b3 d6 8. a4 Bg4 9. Nfd2 Bxd1 10. Kxd1 Ng4 11. h3 Nf2+ 12. Ke2 Nxh1 13. Nc3 Ng3+ 14. Kf3 Nxf1 15. Nxf1 Nb4 16. d4 Qf6+ 17. Ke2 exd4 18. exd4 Qxd4 19. Nd1 Qxa1 20. Nfe3 Rfe8 21. c5 dxc5 22. Nc2 Nxc2 23. Kd2 Nd4 24. Ke1 Qa2 25. Nc3 Qxg2 26. a5 Qc2 27. Nb5 Nxb5 28. b4 Rxe4+ 29. Kf1 cxb4 30. h4 a6 31. h5 h6 32. Kg1 Re1# 0-1